Teachers' classroom guide for Music is yours, 1945-1946 /

Bibliographic Details
Corporate Authors: Texas School of the Air, Texas. State Department of Education
Format: Book
Language:English
Published: [Austin, Tex.] : State Dept. of Education, [1945]
Series:Bulletin (Texas. State Department of Education) ; no. 457.
Subjects:

MARC

Tag First Indicator Second Indicator Subfields
LEADER 00000cam a2200000Ia 4500
001 in00002586721
005 20151201153447.0
008 810717s1945 txu b s000 0 eng d
035 |a (OCoLC)ocm07593154 
035 |a (OCoLC)7593154 
040 |a IKM  |c IKM  |d OCL  |d OCLCQ  |d TXA  |d UtOrBLW 
043 |a n-us-tx 
049 |a TXAM 
245 0 0 |a Teachers' classroom guide for Music is yours, 1945-1946 /  |c the Texas School of the Air. 
264 1 |a [Austin, Tex.] :  |b State Dept. of Education,  |c [1945] 
300 |a 53 pages ;  |c 23 cm. 
336 |a text  |b txt  |2 rdacontent 
337 |a unmediated  |b n  |2 rdamedia 
338 |a volume  |b nc  |2 rdacarrier 
490 1 |a Bulletin / State Dept. of Education ;  |v no. 457 
500 |a Tx Doc number: E500.7, B936, 446-458. 
500 |a With: Bulletin (Texas. State Dept. of Education) ; number 446-458. 
504 |a Includes bibliographical references (pages 52-53). 
650 0 |a School music  |v Instruction and study  |z Texas. 
650 0 |a Radio in education  |v Outlines, syllabi, etc. 
710 2 |a Texas School of the Air. 
710 1 |a Texas.  |b State Department of Education. 
830 0 |a Bulletin (Texas. State Department of Education) ;  |v no. 457. 
994 |a C0  |b TXA 
948 |a cataloged  |b h  |c 2010/8/9  |d c  |e jwilkinson 
999 |a MARS 
999 f f |s affdddbc-a9f4-3de9-a42e-74e32089414e  |i 40aa95b4-8056-3052-8333-dc12c3974e48  |t 0 
952 f f |p normal  |a Texas A&M University  |b College Station  |c Sterling C. Evans Library  |d Evans: Texas Documents (Annex 5th floor)  |t 0  |e E500.7 B936  |h Superintendent of Documents classification  |i unmediated -- volume  |k no.451-462  |m A14839260008 
952 f f |a Texas A&M University  |b College Station  |c Sterling C. Evans Library  |d Evans: Texas Documents (Annex 5th floor)  |t 0  |e E500.7 B936  |h Superintendent of Documents classification 
998 f f |a E500.7 B936  |s no.451-no.457, no.460-no.462  |t 0  |l Evans: Texas Documents (Annex 5th floor)